000
00246nam a2200109Ia 4500
008
191206s9999 xx 000 0 und d
020
_a
333440056
090
_a
QH316
245
0
_a
Work out biology
260
_a
Macillan education
260
_c
c1987
999
_c
17315
_d
17315